Water for elephants [CD/sound recording] / Sara ... Read More
Available copies
- 2 of 3 copies available at LARL/NWRL Consortium.
Current holds
0 current holds with 3 total copies.
View other formats and editions
Show Only Available Copies
| Location | Call Number / Copy Notes | Barcode | Shelving Location | Status | Due Date |
|---|---|---|---|---|---|
| Hallock Public Library | BOOK-ON-CD GRU (Text) | 35500004096945 | Main | Available | - |
| Karlstad LINK Site | BOOK-ON-CD GRU (Text) | 35500004853857 | Main | Checked out | 07/15/2026 |
| Roseau Public Library | BOOK-ON-CD GRU (Text) | 35500004873921 | Main | Available | - |
Record details
- ISBN: 1598870629
- Physical Description: 10 sound discs (11 hr., 30 min.) : digital ; 4 3/4 ... Read More
- Publisher: Minneapolis, MN : HighBridge ; pc2006.
Content descriptions
| General Note: | Compact discs. Unabridged. Subtitle from container. |
| Participant or Performer Note: | Read by David LeDoux and John Randolph Jones. |
| Summary, etc.: | A novel of star-crossed lovers, set in the circus ... Read More |
Search for related items by subject
| Subject: | Circus > Fiction. Depressions > Fiction. Circus performers > Fiction. |
| Genre: | Historical fiction. Love stories. Audiobooks. |
| LDR | 02488cim a2200469Ia 4500 | ||
|---|---|---|---|
| 001 | 74742 | ||
| 003 | LARL_NWRL_CONSORTIUM | ||
| 005 | 20061130153702.0 | ||
| 007 | sd fsngnn|||ed | ||
| 008 | 060605s2006 mnunnn f eng d | ||
| 020 | . | ‡a1598870629 | |
| 024 | 3 | . | ‡a9781598870626 |
| 028 | 0 | 2. | ‡aHBP 89554 ‡bHighBridge |
| 035 | . | ‡a(OCoLC)69852616 | |
| 040 | . | ‡aWIQ ‡cWIQ ‡dBAKER ‡dGK8 ‡dDPL | |
| 090 | . | ‡aPS3607.R696 ‡bW38 2006b | |
| 092 | 0 | . | ‡a813/.6 ‡222 |
| 100 | 1 | . | ‡aGruen, Sara. ‡0(LARL_NWRL_CONSORTIUM)193625 |
| 245 | 1 | 0. | ‡aWater for elephants ‡h[CD/sound recording] / ‡cSara Gruen. |
| 260 | . | ‡aMinneapolis, MN : ‡bHighBridge ; ‡aPrince Frederick, MD : ‡bAudio Adventures/Landmark Audiobooks, ‡cpc2006. | |
| 300 | . | ‡a10 sound discs (11 hr., 30 min.) : ‡bdigital ; ‡c4 3/4 in. | |
| 306 | . | ‡a113000 | |
| 500 | . | ‡aCompact discs. | |
| 500 | . | ‡aUnabridged. | |
| 511 | 0 | . | ‡aRead by David LeDoux and John Randolph Jones. |
| 500 | . | ‡aSubtitle from container. | |
| 520 | . | ‡aA novel of star-crossed lovers, set in the circus world circa 1932. When Jacob Jankowski, recently orphaned and suddenly adrift, jumps onto a passing train, he enters a world of freaks, grifters, and misfits, a second-rate circus struggling to survive during the Great Depression, making one-night stands in town after endless town. A veterinary student who almost earned his degree, Jacob is put in charge of caring for the circus menagerie. It is there that he meets Marlena, the beautiful young star of the equestrian act, who is married to August, the charismatic but twisted animal trainer. He also meets Rosie, an elephant who seems untrainable until he discovers a way to reach her. | |
| 650 | 0. | ‡aCircus ‡vFiction. ‡0(LARL_NWRL_CONSORTIUM)164342 | |
| 650 | 0. | ‡aDepressions ‡vFiction. ‡0(LARL_NWRL_CONSORTIUM)164582 | |
| 650 | 0. | ‡aCircus performers ‡vFiction. ‡0(LARL_NWRL_CONSORTIUM)164341 | |
| 655 | 7. | ‡aHistorical fiction. ‡2gsafd | |
| 655 | 7. | ‡aLove stories. ‡2gsafd | |
| 655 | 0. | ‡aAudiobooks. ‡0(LARL_NWRL_CONSORTIUM)175801 | |
| 700 | 1 | . | ‡aLedoux, David. ‡0(LARL_NWRL_CONSORTIUM)207523 |
| 700 | 1 | . | ‡aJones, John Randolph. ‡0(LARL_NWRL_CONSORTIUM)139148 |
| 901 | . | ‡a74742 ‡bOCLC ‡c74742 ‡tbiblio | |

Add to basket
Permalink
Disable Highlighting